Галванични покрития от сплави (Запис номер 48458)
[ съкратено ]
| 000 -Лидер | |
|---|---|
| Контролно поле с фиксирана дължина | 01469nam a2200325 c 4500 |
| 003 - Код на организацията, давaща контролен номер | |
| Контролно поле | BLK |
| 005 - Дата и час на последна редакция | |
| Контролно поле | 20250306161240.0 |
| 008 - Елементи от данни с фиксирана дължина | |
| fixed length control field | 180408b bul|||||r ||||||| ||bul|| |
| 010 ## - Наследен системен номер | |
| LC control number | KNG00052276000 |
| 040 ## - Източник на каталожния запис | |
| Идентификатор на билиотеката - собственик на записа | BLK |
| 041 ## - Код за език | |
| Код за езика на текст/звукозапис или на отделно заглавие | Български |
| Код за езика КДБФ | Български |
| 080 ## - УДК | |
| Текстов определител УДК | Нанасяне на метални и неметални покрития върху метали и неметали. Метализация. Нанасяне на проводникови,полупроводникови,магнитни и др.покрития.Вж и 620.197;621.357; 669.2/.6 |
| УДК код - определител по УДК | 621.793 |
| УДК определител | |
| УДК - код + определител | 621.793 |
| 100 1# - Редна дума - Автор | |
| Автор | Вячеславов, Петър |
| Авторска отговорност | първи автор |
| R(LIN) | 368319 |
| 139 ## - Редно поле | |
| Редна дума | Вячеславов, Петър |
| Авторски знак | Вя - В 99 |
| 245 10 - Сведения за заглавието | |
| Заглавие | Галванични покрития от сплави |
| Редно поле (дума) | Петър Вячеславов; прев. от рус. Рафаил Мощев. |
| 257 ## - Страна на издаване | |
| Страна на създаване/издаване | СССР |
| 260 ## - Област на издателските данни | |
| -- | София |
| Име на издателя, разпространителя и проч. | Техника |
| Година на издаване | 1961 |
| 300 ## - Физическа характеристика | |
| Страници | 60 с. |
| Илюстрации и др. | с ил. |
| Размери/Мащаб | 18 см |
| 380 ## - Жанр | |
| Жанр | Техника |
| 490 1# - СЕРИИ (Колекции) | |
| Име на серия | Библиотека на електромонтьора |
| №: серия | Дял IV-А, кн. 6 |
| 650 #4 - Допълнително описание по предмет – тема | |
| Основно описание – тема или топоним | Галванотехника |
| 9 (RLIN) | 151701 |
| 653 ## - Ключова дума – ненормативна | |
| Ключова дума | галванотехника |
| 700 1# - Други автори (авторска отговорност) | |
| Лично име | Мощев, Рафаил |
| Автороска отговорност (Описва отношението между автора и произведението) | прев. от рус. |
| 9 (RLIN) | 99413 |
| 852 ## - Местоположение | |
| Форматна сигнатура | Цб І 4238 |
| 856 4# - Електронен адрес и достъп | |
| Електронен формат | pdf - файл |
| Път до файла /url/ | |
| 856 4# - Електронен адрес и достъп | |
| Електронен формат | pdf - файл |
| Път до файла /url/ | |
| 942 ## - АРТИКУЛИ | |
| Вид на библиотечния материал | Книги |
| Скрит в OPAC | Не |
| Koha issues (borrowed), all copies | 1 |
| 944 ## - СЪЗДАВАНЕ И РЕДАКЦИЯ на ЗАПИСА | |
| Създаване/Редакция | Създаване |
| Дата на регистрацията/редакция | 02.09.2016 |
| Служител, извършил регистрацията/редакцията | 30535 |
| Статус, дата на статуса | Христина Везирева |
| 944 ## - СЪЗДАВАНЕ И РЕДАКЦИЯ на ЗАПИСА | |
| Създаване/Редакция | Редакция |
| Дата на регистрацията/редакция | 02.09.2016 |
| Служител, извършил регистрацията/редакцията | Милена_Ачева |
| 999 ## - СИСТЕМНИ КОНТРОЛНИ НОМЕРА | |
| Koha biblionumber | 48458 |
| Koha biblioitemnumber | 48458 |
| Код за отписване | Код за изгубен артикул | Източник на класификационната схема | Код за повреда | Коз за рестрикции | Код за отдаване | Артикулен № | Име на библиотеката - собственик | Име на библиотеката, в която се намира в момента | Статус (Текущо местоположение) | Дата на вписване в системата | Местоположение - отдел | Цена в лева | Инвентарен номер | Систематично азбучна сигнатура | Баркод | Номер на екземпляра | Цена в евро | Служебна бележка | Служебен тип на артикула |
|---|---|---|---|---|---|---|---|---|---|---|---|---|---|---|---|---|---|---|---|
| Не е изгубен | Universal Decimal Classification | Не е повреден | само за читалня | ползва се в читалня | 76025 | Регионална библиотека "Любен Каравелов" Русе | Регионална библиотека "Любен Каравелов" Русе | Хранилище | 1961-01-01 | Хранилище | 0.13 | 10050/61 | Цб І 4238 | 900000026560 | 1 | 0.07 | Вид: Д N: стар фонд Дата: 01.01.1961 | Книги | |
| Изтеглен | Не е изгубен | Не е повреден | без рестрикции | заемане за дома | 76026 | Регионална библиотека "Любен Каравелов" Русе | Регионална библиотека "Любен Каравелов" Русе | Заемна - подръчен фонд | 1961-01-01 | Заемна - подръчен фонд | 0.00 | 9516/61 | П 621.79/В 99 | 9516/61 | 2 | 0.00 | Вид: Сф N: стар фонд Дата: 01.01.1961 | Книги | |
| Изтеглен | Не е изгубен | Не е повреден | без рестрикции | заемане за дома | 76027 | Регионална библиотека "Любен Каравелов" Русе | Регионална библиотека "Любен Каравелов" Русе | Заемна - подръчен фонд | 1961-01-01 | Заемна - подръчен фонд | 0.00 | 9517/61 | П 621.79/В 99 | 9517/61 | 3 | 0.00 | Вид: Сф N: стар фонд Дата: 01.01.1961 | Книги | |
| Изтеглен | Не е изгубен | Не е повреден | без рестрикции | заемане за дома | 76028 | Регионална библиотека "Любен Каравелов" Русе | Регионална библиотека "Любен Каравелов" Русе | Заемна - подръчен фонд | 1961-01-01 | Заемна - подръчен фонд | 0.00 | 9518/61 | П 621.79/В 99 | 9518/61 | 4 | 0.00 | Вид: Сф N: стар фонд Дата: 01.01.1961 | Книги |